Taiwan Panorama

Enregistré dans:
Détails bibliographiques
Format: Publication en série
Langue:Chinois
anglais
Publié: Taipei City Jaushieh Joseph WU
Sujets:
Tags: Ajouter un tag
Pas de tags, Soyez le premier à ajouter un tag!

MARC

LEADER 00000nas1a2200000 4500
001 0287886
005 20260318110926.2
022 |a 1991-525X 
022 |a 2412-4060 
041 0 |a chi 
041 0 |a eng 
044 |a CN 
245 1 0 |a Taiwan Panorama 
264 1 |a Taipei City  |b Jaushieh Joseph WU 
500 |a [Od 1.1. 2024 zmena vydavateľa] 
610 2 0 |a komunikácia interkultúrna 
610 2 0 |a populácia 
610 2 0 |a prostredie životné 
610 2 0 |a štýl životný 
610 2 0 |a generácie